00750nam a2200205 i 450000100060000000300090000600500170001500700030003200800410003510000340007624501240011025000150023426000320024930000340028170000280031570000300034385200320037399900170040595201220042229242ES-MaACL20230906154010.0t|030121s1972 sp ||||1| spa d1 aBallenger, John Jacob.92498710aEnfermedades de la nariz, garganta y oído / cJohn Jacob Ballenger ; versión A. Jornet , revisado por Luis Bonells. a[1ª ed.]. aBarcelona : bJims, c1972. aXV, 995 p. : bil. ; c26 cm.1 aJornet Cases, A.9669601 aBonells Pey, Luis.930105 aES-MaACLjC-39049 bR.80043 c29242d29242 00104070aATENEOMbATENEOMcDEPO2d2008-01-17eSCl0oC-39049p1030188r2023-02-23 00:00:00w2023-02-23yMONOGRAFIA